000 00860nam a2200253Ia 4500
003 OSt
005 20220923224110.0
006 a|||||r|||| 00| 0
007 ta
008 220922b |||||||| |||| 00| 0 hin d
024 _a225,619
037 _cTextual
040 _aARTS
_cARTS
_bhin
041 _2hin
_ahin
082 _aO152,3N21,PH, N9
100 _aमिश्र, मनमोहन
_9156318
245 0 _aफूला
_b कामनाओं के भॅंवर में
246 _aFūlā: kāhināoan ke bhaॅanvar mean
260 _aदिल्ली
_b हिन्दी बुक सेन्टर
_c1999
300 _a150पृ.
_ccm.
650 _aहिन्दी साहित्य
_9156264
942 _hO152,3N21,PH, N9
_cTEXL
_2CC
999 _c369211
_d369211